The depreciated replacement cost method of valuation for financial reporting (Record no. 107237)

MARC details
000 -LEADER
fixed length control field 01360cam a22002535a 4500
001 - CONTROL NUMBER
control field L138717
008 - FIXED-LENGTH DATA ELEMENTS--GENERAL INFORMATION
fixed length control field 070704s2007 xxk f 000 0 eng d
020 ## - INTERNATIONAL STANDARD BOOK NUMBER
International Standard Book Number 9781842193297
035 ## - SYSTEM CONTROL NUMBER
System control number (Sirsi) u138717
041 0# - LANGUAGE CODE
Language code of text/sound track or separate title eng
050 04 - LIBRARY OF CONGRESS CALL NUMBER
Classification number 333.332 $2 18
110 2# - MAIN ENTRY--CORPORATE NAME
Corporate name or jurisdiction name as entry element Royal Institution of Chartered Surveyors
Subordinate unit Valuation Faculty
9 (RLIN) 4354
245 04 - TITLE STATEMENT
Title The depreciated replacement cost method of valuation for financial reporting
Medium [electronic resource]
260 ## - PUBLICATION, DISTRIBUTION, ETC.
Place of publication, distribution, etc. London
Name of publisher, distributor, etc. RICS
Date of publication, distribution, etc. 2007
490 #0 - SERIES STATEMENT
Series statement RICS Valuation Information Paper
Volume/sequential designation (10)
520 ## - SUMMARY, ETC.
Summary, etc. This was incorporated into the Red Book in 2011. Effective from April 2006 utill February 2012.
520 ## - SUMMARY, ETC.
Summary, etc. Provides supplementary information on the use of the Depreciated Replacement Cost approach (DRC) or Cost Approach. Highlights the reporting requirements in the RICS Appraisal and Valuation Standards which are most appropriate to this approach. Covers valuer qualifications, terms of engagement, site value of specialised properties, building costs and the assessment of replacement and depreciation.
590 ## - LOCAL NOTE (RLIN)
Local note KA
651 #4 - SUBJECT ADDED ENTRY--GEOGRAPHIC NAME
Geographic name England and Wales
Chronological subdivision 1543-
690 ## - LOCAL SUBJECT ADDED ENTRY--TOPICAL TERM (OCLC, RLIN)
Topical term or geographic name as entry element PROPERTY-PROPERTY VALUATION AND APPRAISAL
856 40 - ELECTRONIC LOCATION AND ACCESS
Uniform Resource Identifier <a href="https://www.rics.org/Global/Downloads/VIP10_for_online.pdf">https://www.rics.org/Global/Downloads/VIP10_for_online.pdf</a>
Public note View this item (members-only content) free of charge at www.rics.org...
942 ## - ADDED ENTRY ELEMENTS (KOHA)
Suppress in OPAC 0
Holdings
Withdrawn status Lost status Source of classification or shelving scheme Damaged status Not for loan Home library Current library Shelving location Date acquired Total Checkouts Full call number Barcode Date last seen Copy number Price effective from Koha item type Date last checked out
    Dewey Decimal Classification     London London Books 04/07/2007   ONLINE PUBLICATION 138717-1001 06/08/2019 1 06/08/2019 Book  
    Dewey Decimal Classification     London London RICS Boxes 20/05/2009   RICS 2007/29 30074225 06/08/2019 1 06/08/2019 Archive  
    Dewey Decimal Classification     London London RICS Boxes 07/08/2007 4 RICS 2007/29 30074228 06/08/2019 3 06/08/2019 Book 11/12/2008
    Dewey Decimal Classification     London London RICS Boxes 07/08/2007   RICS 2007/29 30074226 06/08/2019 4 06/08/2019 Reference material